00544nam a22001577a 450000500170000001000150001702000260003203500270005803700180008508200140010310000220011724501030013926000430024227000810028530000200036620161103125100.0 aENG-115966 a9780670087723c599.00 aB-606087-112 EN-99498 adplbDBAD/PUB a954.42092 aNehru, Jawaharlal aLetters for a Nation from Jawaharlal Nehru to his Chief Ministers 1947-1963/cby Jawaharlal Nehru aGurgaonbPortfolio/Penguin Groupc2014 a7th Floor, Infinity Tower C, DLF Cyber CitybGurgaone122002, Haryana, India a334p.c23cm(Hb)